Países que contienen la letra H - Estadísticas

Estadísticas generales
  • Esta prueba ha sido intentada 56 veces
  • La puntuación promedio es 9 de 14
Estadísticas de respuestas
País % Correcto
Honduras
96%
China
81%
Haiti
81%
Hungría
79%
Chile
77%
Chad
72%
Chipre
68%
Bahamas
64%
República Checa
64%
Bosnia y Herzegovina
55%
Ghana
53%
Islas Marshall
49%
Liechtenstein
49%
Seychelles
49%
No se encontraron pruebas coincidentes
Distribución de puntuación
Porcentaje de gente con cada puntuación
Porcentaje por número respondido
Historial de tus puntuaciones
No has intentado esta prueba.